Dialects of England on a Map - Statistics

General Stats
  • This quiz has been taken 1,281 times
  • The average score is 12 of 32
Answers on the Map
Answers color-coded by a green-red scale on the quiz's map according to % correct below.
 
Answer Stats
Dialect % Correct
Anglo-Cornish
78%
London
72%
Yorkshire
72%
Cockney
70%
Essex
62%
Scouse
62%
Brummie
58%
Geordie
56%
Norfolk
56%
Suffolk
53%
Sussex
53%
Cumbrian
48%
Mancunian
44%
Kentish
41%
Somerset
40%
West Midlands
40%
East Midlands
36%
West Country
36%
Northumbrian
35%
Bristolian
33%
Cheshire
31%
Devonshire
24%
Lancastrian
22%
Estuary
21%
Cambridgeshire
20%
Coventry
19%
Southeast
17%
Teesside
15%
Mackem
12%
Potteries
10%
Pitmatic
5%
Southeast Midlands
3%
No matching quizzes found
Score Distribution
Percent of People with Each Score
Percentile by Number Answered
Your Score History
You have not taken this quiz